[Event "Ì11Ï"]
[Site "Loo"]
[Date "2017.04.27"]
[Round "8.37"]
[White "Íîâèêîâ, Ôåäîð."]
[Black "Êîðîëåâ, Àðòåì (Ñ-Ï)."]
[Result "0-1"]
[WhiteElo "1287"]
[BlackElo "1403"]
[PlyCount "74"]
[EventDate "2017.04.20"]

1. e4 e5 2. Nf3 Nc6 3. Bc4 Nf6 4. d3 Bc5 5. O-O O-O 6. c3 d6 7. Nbd2 Be6 8.
Bxe6 fxe6 9. Re1 d5 10. exd5 exd5 11. Nxe5 Nxe5 12. Rxe5 Bxf2+ 13. Kh1 Bc5 14.
d4 Bd6 15. Re1 Qd7 16. Nf3 Rae8 17. Bg5 Rxe1+ 18. Qxe1 Ne4 19. Bh4 Qb5 20. Rb1
Qa4 21. Qc1 Bf4 22. Qf1 Qxa2 23. Ra1 Qxb2 24. Rxa7 Nxc3 25. Qd3 Qb6 26. Ra3 Ne4
27. Rb3 Qc6 28. Qb1 b6 29. g3 Bd6 30. Ng5 Nxg5 31. Bxg5 Qc4 32. Kg2 Qxd4 33.
Qc2 Bc5 34. Rb2 Qg1+ 35. Kh3 Rf2 36. Qb3 Qxh2+ 37. Kg4 h5# 0-1

[Event "Ì11Ï"]
[Site "Loo"]
[Date "2017.04.27"]
[Round "8.38"]
[White "Áèñêóï, Ñòåïàí."]
[Black "Ìîøêîâ, Àëåêñàíäð."]
[Result "1-0"]
[WhiteElo "1394"]
[BlackElo "1178"]
[PlyCount "93"]
[EventDate "2017.04.20"]

1. d4 Nf6 2. Nf3 g6 3. c4 Bg7 4. g3 d6 5. Bg2 O-O 6. O-O Nbd7 7. Nc3 e5 8. dxe5
Nxe5 9. Nxe5 dxe5 10. Bg5 h6 11. Be3 Be6 12. Qb3 Bc8 13. Bc5 Re8 14. Rfd1 Nd7
15. Nd5 c6 16. Nc3 Qc7 17. Bd6 Qd8 18. Rac1 Qf6 19. Ne4 Qd8 20. Qc2 f5 21. Nc3
Qf6 22. b4 Nf8 23. b5 e4 24. Qb3 c5 25. Bxc5 b6 26. Nd5 Qf7 27. Bd6 Bb7 28. Nc7
Rac8 29. Nxe8 Rxe8 30. c5 bxc5 31. Qxf7+ Kxf7 32. Rxc5 Ke6 33. Rc7 Bd5 34. Rxg7
Kxd6 35. Rxa7 Rb8 36. f3 Ke5 37. fxe4 fxe4 38. Rb1 Ne6 39. a4 Nd4 40. Rb2 h5
41. b6 Bb7 42. a5 Nc6 43. a6 Nxa7 44. bxa7 Bxa6 45. axb8=Q+ Kf5 46. Rb6 Bxe2
47. Qf4# 1-0

[Event "Ì11Ï"]
[Site "Loo"]
[Date "2017.04.27"]
[Round "8.39"]
[White "Æåðäåâ, Ðàäîìèð."]
[Black "Íîâèêîâ, Äåíèñ."]
[Result "1-0"]
[WhiteElo "1272"]
[BlackElo "1393"]
[PlyCount "85"]
[EventDate "2017.04.20"]

1. e4 c5 2. Nf3 d6 3. c3 Nf6 4. Be2 g6 5. O-O Bg7 6. Re1 O-O 7. Bf1 e5 8. Na3
Nc6 9. Nc2 Be6 10. d4 exd4 11. cxd4 Bg4 12. Bg5 cxd4 13. h3 Be6 14. Nfxd4 Nxd4
15. Nxd4 Qb6 16. Nxe6 fxe6 17. Bc4 Rae8 18. Be3 Qxb2 19. Qxd6 Nxe4 20. Bxe6+
Kh8 21. Qd5 Nc3 22. Qc4 Ne2+ 23. Kh1 Nd4 24. Rab1 Qc2 25. Bxd4 Qxc4 26. Bxg7+
Kxg7 27. Bxc4 Rxe1+ 28. Rxe1 Rxf2 29. Re7+ Kh6 30. Rxb7 Rf4 31. Bb3 Kg5 32.
Rxh7 Rf6 33. Rxa7 Kh4 34. Kh2 Kg5 35. Ra5+ Kf4 36. Rd5 Ke3 37. a4 Rf4 38. Rd1
Rf5 39. Rd6 Rg5 40. h4 Rg4 41. Kh3 Kf4 42. Rd4+ Kf5 43. Rxg4 1-0

[Event "Ì11Ï"]
[Site "Loo"]
[Date "2017.04.27"]
[Round "8.40"]
[White "Çèìèí, Àðòóð."]
[Black "Àâåðèí, Íèêîëàé."]
[Result "0-1"]
[WhiteElo "1255"]
[BlackElo "1363"]
[PlyCount "76"]
[EventDate "2017.04.20"]

1. d4 d5 2. Nc3 Nf6 3. Bg5 c5 4. Bxf6 gxf6 5. dxc5 d4 6. Ne4 Qd5 7. Ng3 Qxc5 8.
Qd2 e5 9. a3 a5 10. O-O-O Nc6 11. Ne4 Qe7 12. e3 Bh6 13. Bc4 f5 14. Ng3 Qg5 15.
Nf3 Qe7 16. Rhf1 Qc5 17. Be2 Be6 18. Kb1 dxe3 19. fxe3 Bxe3 20. Qd6 Qxd6 21.
Rxd6 Bc5 22. Rdd1 f4 23. Ne4 Be7 24. Nc3 f6 25. Nb5 Kf7 26. Nd2 Rad8 27. Nc7
Bf5 28. g4 Bxc2+ 29. Kxc2 Nd4+ 30. Kd3 Ne6+ 31. Ke4 Nxc7 32. Bc4+ Kg6 33. Nf3
Bc5 34. Nh4+ Kg5 35. Nf5 b6 36. h4+ Kg6 37. Rc1 Ne8 38. h5+ Kg5 0-1

[Event "Ì11Ï"]
[Site "Loo"]
[Date "2017.04.27"]
[Round "8.41"]
[White "ßò÷åíêî, Ëåîíèä."]
[Black "Àíäðååâ, Êîíñòàíòèí."]
[Result "1-0"]
[WhiteElo "1233"]
[BlackElo "1355"]
[PlyCount "33"]
[EventDate "2017.04.20"]

1. e4 e5 2. Nf3 Nc6 3. Nc3 Nf6 4. d4 exd4 5. Nd5 Bc5 6. Bc4 O-O 7. O-O Re8 8.
Re1 Nxe4 9. Bg5 Nxg5 10. Rxe8+ Qxe8 11. Nxg5 Qd8 12. Qh5 h6 13. Qxf7+ Kh8 14.
Nf6 Ne5 15. Qg6 Qg8 16. Bxg8 Nxg6 17. Nf7# 1-0

[Event "Ì11Ï"]
[Site "Loo"]
[Date "2017.04.27"]
[Round "8.42"]
[White "Ñàïðûêèí, Àëåêñåé."]
[Black "Âîðîíèí, Íèêèòà."]
[Result "1-0"]
[WhiteElo "1352"]
[BlackElo "1104"]
[PlyCount "79"]
[EventDate "2017.04.20"]

1. Nf3 d5 2. d4 c6 3. c4 e6 4. e3 Nf6 5. Nc3 Bd6 6. Bd3 Nbd7 7. O-O O-O 8. e4
dxe4 9. Nxe4 Nxe4 10. Bxe4 f5 11. Bd3 Qe7 12. Re1 c5 13. d5 e5 14. Bg5 Qe8 15.
Bf1 e4 16. Nd2 Ne5 17. b3 b5 18. cxb5 Bb7 19. Bc4 Ng4 20. h3 Qg6 21. hxg4 Qxg5
22. gxf5 Rxf5 23. Nxe4 Qg6 24. Nxd6 Qxd6 25. Re6 Qf8 26. Qd2 Rh5 27. Rae1 Rd8
28. R6e5 Rh6 29. Qe3 Rhd6 30. Qe4 h6 31. Rd1 Kh8 32. Re6 Rxe6 33. Qxe6 Re8 34.
Qd7 Bc8 35. Qxa7 Qf6 36. Qa4 Qg6 37. b6 Bh3 38. Bf1 Bg4 39. Rd3 Qf5 40. Qxe8+
1-0

[Event "Ì11Ï"]
[Site "Loo"]
[Date "2017.04.27"]
[Round "8.43"]
[White "Õîòåíêî, Äàíèèë."]
[Black "Ñìîëêîâ, Ï¸òð."]
[Result "0-1"]
[WhiteElo "1351"]
[BlackElo "1096"]
[PlyCount "82"]
[EventDate "2017.04.20"]

1. e4 c5 2. Nf3 Nc6 3. d4 cxd4 4. Nxd4 g6 5. Nc3 Bg7 6. Be3 Nf6 7. Bc4 O-O 8.
f3 d6 9. g4 Ne5 10. Bb3 Bd7 11. Qd2 Rc8 12. O-O-O Nc4 13. Bxc4 Rxc4 14. h4 h5
15. gxh5 Nxh5 16. Rdg1 Qb6 17. Ne6 Bxc3 18. bxc3 Qa6 19. Nxf8 Qxa2 20. Kd1 Kxf8
21. Bd4 e5 22. Bxe5 dxe5 23. Qxd7 Rxc3 24. Qd6+ Kg8 25. Qd2 Rxf3 26. Qe2 Qb1+
27. Kd2 Qb4+ 28. Kc1 Qa3+ 29. Kd1 Nf4 30. Qd2 Qa1+ 31. Qc1 Qxc1+ 32. Kxc1 Ne2+
33. Kd2 Nxg1 34. Rxg1 Rf4 35. h5 Rxe4 36. hxg6 fxg6 37. Rxg6+ Kf7 38. Rh6 Rb4
39. Rh7+ Ke6 40. Kc3 a5 41. Rh8 b6 0-1

[Event "Ì11Ï"]
[Site "Loo"]
[Date "2017.04.27"]
[Round "8.44"]
[White "Ñàáèðîâ, Ìàðñåëü."]
[Black "Ìàñòåðñêèõ, Áîãäàí."]
[Result "0-1"]
[WhiteElo "1138"]
[BlackElo "1344"]
[PlyCount "96"]
[EventDate "2017.04.20"]

1. e4 Nc6 2. Nf3 d5 3. exd5 Qxd5 4. Nc3 Qa5 5. Bb5 Bg4 6. O-O O-O-O 7. Re1 Nd4
8. Be2 Nxe2+ 9. Qxe2 Nf6 10. a4 e6 11. d3 Bb4 12. Bd2 Rhe8 13. Nb5 Bxd2 14.
Qxd2 Qxd2 15. Nxd2 a6 16. Nc3 e5 17. f3 Bf5 18. g4 Bg6 19. Nc4 Nd7 20. Kg2 f6
21. Rad1 Nc5 22. Kg3 h5 23. h3 Ne6 24. Ne2 Rd7 25. Rd2 Bf7 26. Red1 Red8 27.
Ne3 Nc5 28. b3 e4 29. Nc1 exd3 30. Nxd3 Nxd3 31. Rxd3 Rxd3 32. Rxd3 Rxd3 33.
cxd3 Bxb3 34. gxh5 Bxa4 35. Nf5 Bc2 36. Nxg7 a5 37. h6 Bxd3 38. f4 Bh7 39. Ne8
a4 40. Nxf6 a3 41. Nxh7 a2 42. Ng5 a1=Q 43. h7 b5 44. Ne6 b4 45. Kh4 Qf6+ 46.
Ng5 b3 47. Kh5 b2 48. h4 b1=Q 0-1

[Event "Ì11Ï"]
[Site "Loo"]
[Date "2017.04.27"]
[Round "8.46"]
[White "×åðíÿåâ, Äàíèë."]
[Black "Ãîëîâà÷åâ, Ëåîíèä."]
[Result "1-0"]
[WhiteElo "1108"]
[BlackElo "1587"]
[PlyCount "95"]
[EventDate "2017.04.20"]

1. c4 f5 2. Nc3 e5 3. g3 Nf6 4. Bg2 Bb4 5. e3 O-O 6. Nge2 c6 7. O-O Bxc3 8.
Nxc3 d5 9. d3 Be6 10. b3 Nbd7 11. Bb2 Qe8 12. Rc1 Qg6 13. Ne2 Qh6 14. Ba3 Rf7
15. cxd5 Nxd5 16. Nc3 N7f6 17. Nxd5 Nxd5 18. Bb2 f4 19. e4 Nf6 20. f3 fxg3 21.
hxg3 Qe3+ 22. Rf2 Ng4 23. Rcc2 Nxf2 24. Rxf2 Rd8 25. Bc1 Qxd3 26. Qxd3 Rxd3 27.
Bb2 Rf6 28. Bxe5 Rd1+ 29. Rf1 Rxf1+ 30. Kxf1 Rf7 31. Bd4 a6 32. Ke2 Kf8 33.
Bc5+ Ke8 34. e5 Kd7 35. Bd6 b5 36. f4 Bg4+ 37. Ke3 Rf5 38. Kd4 g5 39. Be4 Rf7
40. fxg5 Bf3 41. Bd3 Rg7 42. Bf5+ Kd8 43. e6 h5 44. gxh6 Rg5 45. h7 Rh5 46. e7+
Ke8 47. Bg6+ Kd7 48. Bxh5 1-0

[Event "Ì11Ï"]
[Site "Loo"]
[Date "2017.04.27"]
[Round "8.47"]
[White "Ïàøèíèí, Ìàêñèì."]
[Black "Ðû÷èõèí, Âëàäèñëàâ."]
[Result "1-0"]
[WhiteElo "1273"]
[BlackElo "1491"]
[PlyCount "83"]
[EventDate "2017.04.20"]

1. e4 d5 2. exd5 Nf6 3. Bc4 Nxd5 4. Qf3 c6 5. Nc3 Be6 6. Nge2 g6 7. Nd4 Bg7 8.
Nxe6 fxe6 9. O-O Rf8 10. Qe2 Qd6 11. Ne4 Qe5 12. Re1 Nd7 13. d3 O-O-O 14. c3
N7b6 15. d4 Qf5 16. Bd3 Qf7 17. Ng5 Qf6 18. Nxe6 h6 19. Nxf8 Rxf8 20. Qe6+ Qxe6
21. Rxe6 Kd7 22. Rxg6 Rf7 23. Bxh6 Bf6 24. g3 e6 25. Re1 Na4 26. Re2 Nab6 27.
Bg5 Bxg5 28. Rxg5 Nc8 29. Bg6 Rf6 30. Be4 Nd6 31. Bxd5 exd5 32. Rg7+ Kc8 33.
Ree7 Rf8 34. Rg5 Ne4 35. Rge5 a6 36. Re8+ Rxe8 37. Rxe8+ Kd7 38. Rh8 Nd6 39. h4
Ke7 40. g4 Kf7 41. f4 Kg7 42. Rd8 1-0

[Event "Ì11Ï"]
[Site "Loo"]
[Date "2017.04.27"]
[Round "8.48"]
[White "Çàêèðîâ, Òèìóð."]
[Black "Êîñòèêîâ, Ìèõàèë."]
[Result "0-1"]
[WhiteElo "1253"]
[BlackElo "1403"]
[PlyCount "75"]
[EventDate "2017.04.20"]

1. e4 c5 2. Nf3 d6 3. d4 cxd4 4. Nxd4 Nf6 5. Nc3 g6 6. Be3 Bg7 7. Be2 O-O 8.
O-O Nc6 9. Qd2 Bd7 10. f4 Ng4 11. Bxg4 Bxg4 12. f5 Nxd4 13. Bxd4 Bxd4+ 14. Qxd4
gxf5 15. exf5 Bh5 16. g4 Bxg4 17. Qxg4+ Kh8 18. Nd5 Rg8 19. Rf4 Rxg4+ 20. Rxg4
Qd7 21. Rf4 Rg8+ 22. Kf2 Qc6 23. c4 Qc5+ 24. Kf3 Re8 25. Re1 e6 26. Nf6 Qc6+
27. Kg3 e5 28. Rh4 Rg8+ 29. Nxg8 Kxg8 30. f6 d5 31. Rh6 e4 32. Rg1 Qd6+ 33.
Kf2+ Kf8 34. Rg7 Qf4+ 35. Ke2 Qxh6 36. Rg2 Qxf6 37. Rf2 Qxb2+ 38. Ke3 0-1

[Event "Ì11Ï"]
[Site "Loo"]
[Date "2017.04.27"]
[Round "8.49"]
[White "Äåíèñîâ, Ìàòâåé."]
[Black "Ãàñàíîâ, Ôóàä."]
[Result "1/2-1/2"]
[WhiteElo "1252"]
[BlackElo "1390"]
[PlyCount "109"]
[EventDate "2017.04.20"]

1. e4 c5 2. Nf3 Nc6 3. d4 cxd4 4. Nxd4 g6 5. Be3 Bg7 6. Nc3 Nf6 7. Bd3 d6 8.
O-O Bd7 9. Re1 O-O 10. Qd2 Re8 11. Rad1 a6 12. a4 Qc7 13. f3 Rec8 14. Re2 Ne8
15. Nd5 Qd8 16. Nxc6 Rxc6 17. Nb4 Rcc8 18. Nd5 Rc6 19. b3 Nf6 20. Nb4 Rcc8 21.
Bh6 Bh8 22. Rde1 Ng4 23. fxg4 Bc3 24. Qf4 Bxe1 25. Rxe1 Qb6+ 26. Kh1 Qxb4 27.
Rf1 Be6 28. h4 Qd4 29. h5 Qe5 30. Qf3 Qf6 31. Qxf6 exf6 32. Rxf6 Bxg4 33. Bc4
Rc7 34. hxg6 hxg6 35. Rxg6+ Kh7 36. Rxd6 Rc6 37. Bf4 Rxd6 38. Bxd6 Kg6 39. Kg1
Be6 40. Bxe6 fxe6 41. Kf2 Rc8 42. c4 Rc6 43. c5 b6 44. b4 bxc5 45. Bxc5 a5 46.
Ke3 axb4 47. Bxb4 Rc4 48. Bd6 Rxa4 49. Kf4 Ra5 50. Be5 Ra8 51. Bd6 Ra5 52. Be5
Ra8 53. Bd6 Ra5 54. Be5 Ra8 55. Bd6 1/2-1/2

[Event "Ì11Ï"]
[Site "Loo"]
[Date "2017.04.27"]
[Round "8.50"]
[White "Îðëîâ, Ïîòàï."]
[Black "Ïîòàïîâ, Äìèòðèé."]
[Result "1-0"]
[WhiteElo "1217"]
[BlackElo "1383"]
[PlyCount "79"]
[EventDate "2017.04.20"]

1. e4 e5 2. Nf3 Nc6 3. Bc4 Bc5 4. c3 Nf6 5. d3 a6 6. Nbd2 Ba7 7. h3 d6 8. Bb3
h6 9. Nf1 Qe7 10. Ng3 Bd7 11. a4 O-O-O 12. Ba2 Be6 13. Bxe6+ Qxe6 14. b4 d5 15.
Qc2 d4 16. b5 Nb8 17. c4 Ng8 18. c5 b6 19. cxb6 Qxb6 20. Nxe5 Qe6 21. Nf3 Ne7
22. Bf4 Nd5 23. Be5 f6 24. exd5 Qf7 25. Bxd4 Rhe8+ 26. Ne2 Bxd4 27. Nfxd4 Rxd5
28. O-O Qg6 29. Nf4 Qg5 30. Nxd5 Qxd5 31. b6 c6 32. Nf3 Nd7 33. a5 g5 34. Rfe1
Rg8 35. Re4 f5 36. Rd4 Qe6 37. Re1 Qf6 38. Qc4 Rg6 39. Qxa6+ Kd8 40. Qa8# 1-0

[Event "Ì11Ï"]
[Site "Loo"]
[Date "2017.04.27"]
[Round "8.51"]
[White "Çàêèðîâ, Ìóñà."]
[Black "Êóäèíîâ, Ðîìàí."]
[Result "1-0"]
[WhiteElo "1380"]
[BlackElo "1163"]
[PlyCount "107"]
[EventDate "2017.04.20"]

1. c4 e6 2. Nc3 d5 3. d4 Nf6 4. Bg5 Be7 5. e3 c6 6. cxd5 cxd5 7. Bd3 Nbd7 8.
Qc2 O-O 9. Nf3 h6 10. Bf4 Qa5 11. O-O a6 12. a3 b5 13. b4 Qb6 14. a4 Bxb4 15.
axb5 a5 16. Na2 Bd6 17. Bxd6 Qxd6 18. Rfb1 Bb7 19. Nc1 Rfc8 20. Qd2 Ne4 21.
Bxe4 dxe4 22. Ne1 a4 23. Nc2 Nb6 24. Qb4 Qd5 25. Na3 Rc7 26. Ne2 Qg5 27. Qd6
Nd5 28. b6 Re7 29. Nb5 f5 30. Nc7 Nxc7 31. bxc7 Bd5 32. Rb8+ Re8 33. Rxe8+ Rxe8
34. Qd7 Re7 35. c8=Q+ Kh7 36. Qd6 Rb7 37. h3 Rb2 38. Nf4 Qh4 39. g3 Qf6 40.
Nxd5 exd5 41. Qxf6 gxf6 42. Qxf5+ Kg7 43. Rxa4 Rb1+ 44. Kg2 Rb7 45. Qxd5 Rf7
46. Qxe4 h5 47. Qf5 h4 48. Qg4+ Kh7 49. Ra5 Kh8 50. Rh5+ Rh7 51. Qc8+ Kg7 52.
Qd7+ Kf8 53. Rxh7 hxg3 54. Qf7# 1-0

[Event "Ì11Ï"]
[Site "Loo"]
[Date "2017.04.27"]
[Round "8.52"]
[White "Ìåðöàëîâ, Ñåì¸í."]
[Black "Êóçíåöîâ, Àëåêñàíäð."]
[Result "0-1"]
[WhiteElo "1215"]
[BlackElo "1369"]
[PlyCount "86"]
[EventDate "2017.04.20"]

1. e4 e5 2. Nf3 Nc6 3. Bc4 Nf6 4. d3 Bc5 5. Bg5 h6 6. Bh4 d6 7. h3 g5 8. Bg3
Nh5 9. Nxe5 Nxg3 10. Nxf7 Qf6 11. Qf3 Qxf3 12. gxf3 Nxh1 13. Nxh8 Nxf2 14. Nc3
Nxh3 15. Nb5 Bb6 16. O-O-O Ne5 17. Bb3 a6 18. d4 Nxf3 19. Rf1 g4 20. Nc3 Bxd4
21. Nd5 Bb6 22. Ng6 Bd7 23. Nf6+ Kd8 24. Rd1 Be3+ 25. Kb1 g3 26. e5 Nd2+ 27.
Ka1 g2 28. e6 Nxb3+ 29. axb3 Bxe6 30. Nh4 g1=Q 31. Rxg1 Nxg1 32. Ne4 Ke7 33.
Ng3 Rg8 34. Ngf5+ Bxf5 35. Nxf5+ Kf6 36. Nxe3 Rg5 37. b4 Re5 38. Ng4+ Kg5 39.
Nxe5 dxe5 40. Kb1 h5 41. Kc1 h4 42. Kd1 h3 43. Ke1 h2 0-1

[Event "Ì11Ï"]
[Site "Loo"]
[Date "2017.04.27"]
[Round "8.53"]
[White "Ïàòðàêååâ, Ïàíêðàò."]
[Black "ßøêàåâ, Àëåêñàíäð."]
[Result "0-1"]
[WhiteElo "1366"]
[BlackElo "1182"]
[PlyCount "78"]
[EventDate "2017.04.20"]

1. d4 d5 2. Bf4 Nf6 3. e3 Nc6 4. Nf3 e6 5. Bd3 Bd6 6. Bg3 Bd7 7. Nbd2 Qe7 8.
Qe2 Nb4 9. a3 Nxd3+ 10. Qxd3 O-O 11. Bh4 h6 12. Ne5 Bc6 13. Nb3 a6 14. a4 a5
15. O-O Qd8 16. Nxc6 bxc6 17. Qc3 Qe8 18. Bxf6 gxf6 19. Nxa5 Ra6 20. Nb7 Qa8
21. Nxd6 cxd6 22. b3 Rc8 23. Rfc1 f5 24. h3 Kh8 25. Qb2 Rg8 26. Qa3 c5 27. dxc5
d4 28. g3 dxe3 29. cxd6 Qf3 30. Qb2+ Kh7 31. c4 exf2+ 32. Qxf2 Rxg3+ 33. Kf1
Qd3+ 34. Qe2 Rf3+ 35. Ke1 Re3 36. Qxe3 Qxe3+ 37. Kf1 Rxd6 38. c5 Rd2 39. Re1
Qf2# 0-1

[Event "Ì11Ï"]
[Site "Loo"]
[Date "2017.04.27"]
[Round "8.54"]
[White "Ñòàðöåâ, Ìàêñèì."]
[Black "×óðêèí, Êîíñòàíòèí."]
[Result "1-0"]
[WhiteElo "1196"]
[BlackElo "1364"]
[PlyCount "89"]
[EventDate "2017.04.20"]

1. Nf3 d5 2. d4 c6 3. e3 Bf5 4. c4 e6 5. Nc3 Nf6 6. Bd3 Bg6 7. O-O Nbd7 8. b3
Bd6 9. Bb2 e5 10. dxe5 Nxe5 11. Nxe5 Bxe5 12. Qc2 dxc4 13. Bxg6 hxg6 14. h3
cxb3 15. axb3 O-O 16. Rfd1 Qc7 17. Rd2 Rfd8 18. Rxd8+ Qxd8 19. Rd1 Qc7 20. Qd2
Bxc3 21. Bxc3 Qb6 22. Qb2 Rd8 23. Ra1 Rd6 24. b4 c5 25. bxc5 Qxc5 26. Bd4 Rb6
27. Qxb6 Qxb6 28. Bxb6 axb6 29. Rb1 Nd7 30. Kf1 Kf8 31. Ke2 Ke7 32. Kd3 Kd6 33.
Kd4 g5 34. f4 gxf4 35. exf4 f5 36. g4 fxg4 37. hxg4 Nf6 38. Rxb6+ Kc7 39. Rb5
Nxg4 40. Rg5 Nf6 41. Rxg7+ Nd7 42. Kd5 Kd8 43. Kd6 Nf8 44. Rxb7 Ke8 45. f5 1-0

[Event "Ì11Ï"]
[Site "Loo"]
[Date "2017.04.27"]
[Round "8.57"]
[White "Íåôåäîâ, Èëüÿ."]
[Black "Ìåðöàëîâ, Ðîìàí."]
[Result "0-1"]
[WhiteElo "1179"]
[BlackElo "1344"]
[PlyCount "116"]
[EventDate "2017.04.20"]

1. e4 c5 2. c4 d6 3. d3 h6 4. Nf3 Bg4 5. Be2 Bxf3 6. Bxf3 Qc7 7. Nc3 Nf6 8. Bd2
a6 9. Bg4 Nc6 10. f4 Nd4 11. Rc1 e6 12. Be3 h5 13. Bf3 Be7 14. Bxd4 cxd4 15.
Ne2 e5 16. fxe5 dxe5 17. Qa4+ Qd7 18. Qxd7+ Nxd7 19. Rf1 Bb4+ 20. Kd1 g5 21. g4
hxg4 22. Bxg4 Rd8 23. a3 Be7 24. h3 Nf6 25. b4 Nxg4 26. hxg4 Rc8 27. Ng3 Rh4
28. Nf5 Rxg4 29. Nh6 Rf4 30. Rxf4 gxf4 31. Ke2 Bg5 32. Rf1 Bxh6 33. Rh1 Bg7 34.
Rh7 Bf6 35. Rh5 Ke7 36. a4 b6 37. Rf5 Rg8 38. c5 bxc5 39. bxc5 Rc8 40. Kf3 Rxc5
41. Rh5 Ra5 42. Rh1 Rxa4 43. Rb1 Ra3 44. Ke2 a5 45. Rb7+ Kf8 46. Ra7 Ra2+ 47.
Kf3 a4 48. Ra5 Rd2 49. Rxa4 Rxd3+ 50. Kg4 Kg7 51. Ra2 Rg3+ 52. Kh5 Rg5+ 53. Kh4
Rg2+ 54. Kh5 Rxa2 55. Kg4 d3 56. Kf5 d2 57. Kg4 d1=Q+ 58. Kh3 Qf3# 0-1

[Event "Ì11Ï"]
[Site "Loo"]
[Date "2017.04.27"]
[Round "8.58"]
[White "Øàëèìîâ, Âëàäèìèð."]
[Black "Óëüÿíîâ, Íèêèòà."]
[Result "1/2-1/2"]
[WhiteElo "1087"]
[BlackElo "1316"]
[PlyCount "80"]
[EventDate "2017.04.20"]

1. e4 Nf6 2. e5 Nd5 3. Nc3 Nxc3 4. bxc3 Nc6 5. d4 e6 6. f4 d6 7. Nf3 dxe5 8.
fxe5 Be7 9. Be2 O-O 10. O-O f6 11. Bb2 fxe5 12. Nxe5 Rxf1+ 13. Qxf1 Nxe5 14.
dxe5 Qf8 15. Bg4 Bc5+ 16. Kh1 Qe7 17. h3 Bd7 18. Rd1 Rf8 19. Qc4 Kh8 20. Qd3
Bc6 21. Rf1 Rxf1+ 22. Qxf1 Bd7 23. Qc4 b5 24. Qe4 c6 25. Qe1 Qf7 26. Qe2 Qf2
27. Qxf2 Bxf2 28. Be2 Bg3 29. c4 bxc4 30. Bxc4 Kg8 31. Kg1 Kf7 32. Kf1 Kg6 33.
Ke2 h6 34. Kf3 Be1 35. g4 Kg5 36. Kg2 Bd2 37. Bd4 a5 38. a4 Kf4 39. Bd3 Be3 40.
Bc3 Bb6 1/2-1/2

[Event "Ì11Ï"]
[Site "Loo"]
[Date "2017.04.27"]
[Round "8.60"]
[White "Ôàèçîâ, Ðàèëü."]
[Black "Íèêèòèí, Àðòåì."]
[Result "1-0"]
[WhiteElo "1293"]
[BlackElo "1148"]
[PlyCount "91"]
[EventDate "2017.04.20"]

1. e4 e6 2. d4 d5 3. exd5 exd5 4. Nf3 Bg4 5. h3 Bxf3 6. Qxf3 Bd6 7. Bd3 c6 8.
O-O h6 9. Bf4 Ne7 10. Nd2 Bxf4 11. Qxf4 O-O 12. Nf3 Nd7 13. Rfe1 Re8 14. Re3
Nf8 15. Rae1 Qd7 16. Ne5 Qe6 17. Nxc6 Qxc6 18. Rxe7 Rxe7 19. Rxe7 Qf6 20. Qxf6
gxf6 21. Rxb7 Ne6 22. c3 a5 23. a4 Nf4 24. Bb5 Rd8 25. Ra7 Rd6 26. Rxa5 Re6 27.
Kf1 Kg7 28. g3 Nxh3 29. Bd7 Rb6 30. Rb5 Rxb5 31. axb5 Ng5 32. b6 Nh7 33. b7 Nf8
34. Bf5 Ne6 35. Bxe6 fxe6 36. b8=Q Kg6 37. Qg8+ Kf5 38. f3 h5 39. g4+ Kf4 40.
gxh5 Kxf3 41. h6 Ke3 42. h7 Kd2 43. h8=Q Kc2 44. Qg2+ Kb3 45. Qb8+ Kc4 46. Qe2#
1-0

[Event "Ì11Ï"]
[Site "Loo"]
[Date "2017.04.27"]
[Round "8.62"]
[White "Èâàíàåâ, Âëàäèñëàâ."]
[Black "Àááàñîâ, Àçèç."]
[Result "0-1"]
[WhiteElo "1114"]
[BlackElo "1471"]
[PlyCount "98"]
[EventDate "2017.04.20"]

1. e4 e5 2. Nf3 Nc6 3. Nc3 Nf6 4. Bb5 Bb4 5. O-O d6 6. d3 O-O 7. Bg5 Bg4 8. Nd5
Bc5 9. c3 a6 10. Bxf6 gxf6 11. Ba4 Kh8 12. Ne3 Rg8 13. Kh1 Qf8 14. Bxc6 bxc6
15. d4 Bb6 16. Nxg4 Rxg4 17. Nxe5 Rg5 18. Nd7 Qh6 19. h3 Rag8 20. Qd2 Qg6 21.
g3 Qxe4+ 22. Kh2 Qe6 23. Nxb6 Rh5 24. h4 cxb6 25. Qf4 Rg4 26. Qf3 Rgxh4+ 27.
gxh4 Rxh4+ 28. Kg2 Rg4+ 29. Kh2 f5 30. Rg1 Qh6+ 31. Qh3 Rh4 32. Qxh4 Qxh4+ 33.
Kg2 Kg7 34. Kf3+ Kf6 35. Rae1 Qh5+ 36. Kf4 Qh6+ 37. Kf3 Qd2 38. Re2 Qd3+ 39.
Re3 Qc4 40. a3 Qb3 41. Re2 Qd5+ 42. Kf4 h5 43. Ree1 c5 44. dxc5 Qxc5 45. Kf3
Qd5+ 46. Kf4 Qd2+ 47. Kg3 Qxb2 48. Kh4 Qxc3 49. Kxh5 Qh3# 0-1

[Event "Ì11Ï"]
[Site "Loo"]
[Date "2017.04.27"]
[Round "8.63"]
[White "Ñåðàæèì, Àëåêñàíäð."]
[Black "Ïóãà÷, Ãëåá."]
[Result "0-1"]
[WhiteElo "1109"]
[BlackElo "1403"]
[PlyCount "126"]
[EventDate "2017.04.20"]

1. e4 c5 2. c3 d5 3. exd5 Qxd5 4. d4 Nf6 5. Nf3 Bg4 6. Be2 e6 7. Bf4 Be7 8. h3
Bh5 9. Nbd2 O-O 10. O-O Nc6 11. c4 Qf5 12. Be3 Rfd8 13. Nh4 Bxe2 14. Qxe2 Qh5
15. Qxh5 Nxh5 16. Nhf3 cxd4 17. Bg5 Bxg5 18. Nxg5 Rac8 19. Nb3 Ne5 20. c5 Nd3
21. Ne4 Nxb2 22. Nd6 Rc7 23. Nxd4 Na4 24. Rac1 Nf4 25. Kh1 Nd3 26. Rc2 Naxc5
27. Rd1 Rxd6 28. Rxd3 g6 29. Rdc3 Rxd4 30. Rxc5 Rxc5 31. Rxc5 Rd2 32. Ra5 a6
33. f3 Kg7 34. Kh2 h5 35. h4 Kf6 36. Kh3 Rd5 37. Ra3 e5 38. Rb3 Rd2 39. Rxb7
Rxa2 40. Rb8 Kg7 41. g4 hxg4+ 42. Kxg4 a5 43. Rb5 Ra4+ 44. Kg3 Kf6 45. Rb7 Rf4
46. Ra7 a4 47. Ra6+ Kf5 48. Ra7 f6 49. Ra6 Rb4 50. Ra5 Rd4 51. Ra6 g5 52. h5
Rh4 53. h6 Rxh6 54. Rxa4 Rh4 55. Ra5 Rf4 56. Ra7 g4 57. Ra3 gxf3 58. Rxf3 Rxf3+
59. Kxf3 e4+ 60. Kf2 Kf4 61. Ke2 e3 62. Ke1 Kf3 63. Kf1 f5 0-1

[Event "Ì11Ï"]
[Site "Loo"]
[Date "2017.04.27"]
[Round "8.64"]
[White "Êîëûáèí, Ñåðãåé."]
[Black "Êóõòèí, Âëàäèñëàâ."]
[Result "0-1"]
[WhiteElo "1015"]
[BlackElo "1392"]
[PlyCount "136"]
[EventDate "2017.04.20"]

1. e4 c6 2. d4 d5 3. Nc3 Nf6 4. e5 Nfd7 5. Nf3 e6 6. Bd3 c5 7. dxc5 Bxc5 8. O-O
O-O 9. Qe2 Nc6 10. Bd2 Nd4 11. Nxd4 Bxd4 12. Qg4 Bxe5 13. Bb5 Bf6 14. Rfe1 a6
15. Bd3 g6 16. f4 Bg7 17. h4 Nf6 18. Qg3 b5 19. a3 Qb6+ 20. Kh2 Re8 21. Re2 Bb7
22. Rae1 Bc6 23. Be3 Qc7 24. Bd2 Rad8 25. f5 Qxg3+ 26. Kxg3 gxf5 27. a4 b4 28.
Na2 a5 29. c3 bxc3 30. Nxc3 Nh5+ 31. Kh3 Bxc3 32. bxc3 f6 33. c4 Ng7 34. Bxa5
Ra8 35. cxd5 Bxd5 36. Bb5 Rxa5 37. Bxe8 Nxe8 38. Rf2 Rxa4 39. g3 Kf7 40. Rg1
Ra2 41. Rxa2 Bxa2 42. Rg2 Bd5 43. Rd2 Nd6 44. Rc2 h5 45. Rc7+ Kg6 46. Rd7 Ne4
47. Kh2 Nf2 48. Kg1 Ng4 49. Kf1 e5 50. Rxd5 Ne3+ 51. Kf2 Nxd5 52. Kf3 e4+ 53.
Kf2 f4 54. gxf4 Nxf4 55. Ke3 Kf5 56. Kf2 Kg4 57. Ke3 f5 58. Kf2 Kxh4 59. Ke3
Kg3 60. Kd4 h4 61. Ke3 h3 62. Kd4 h2 63. Ke5 h1=Q 64. Kxf5 e3 65. Ke5 e2 66.
Kf5 e1=Q 67. Kf6 Qh6+ 68. Kf7 Qee6# 0-1

[Event "Ì11Â"]
[Site "Loo"]
[Date "2017.04.27"]
[Round "8.1"]
[White "Äóäàðåâ, Âëàäèñëàâ."]
[Black "Ëûñöîâ, Ëåîíèä."]
[Result "0-1"]
[WhiteElo "2051"]
[BlackElo "1864"]
[PlyCount "104"]
[EventDate "2017.04.20"]

1. Nf3 g6 2. c4 Bg7 3. d4 d6 4. Nc3 Nf6 5. e4 O-O 6. Be2 Bg4 7. h3 Bxf3 8. Bxf3
Nc6 9. O-O Nd7 10. Be3 e5 11. d5 Nd4 12. Be2 c5 13. Qd2 f5 14. f3 f4 15. Bf2 g5
16. Qd3 h5 17. Rab1 b6 18. b4 cxb4 19. Rxb4 Nc5 20. Qd1 Qd7 21. Nb5 Nxe2+ 22.
Qxe2 Rf6 23. Bxc5 dxc5 24. Rbb1 Rg6 25. Kh2 Kf7 26. Qd2 Rg8 27. d6 Bf6 28. Qd5+
Kg7 29. Rbd1 g4 30. Rg1 Kh7 31. Nc7 gxf3 32. gxf3 Qg7 33. Qxg8+ Qxg8 34. d7 Rg3
35. Ne8 Bd8 36. Nd6 Rxg1 37. Rxg1 Qe6 38. Nf5 Qxd7 39. Rg2 Bf6 40. Rf2 Qd3 41.
h4 Qxc4 42. Rd2 Qf7 43. Nd6 Qe6 44. Rd5 Bxh4 45. a4 Bg3+ 46. Kg2 h4 47. Nc4 h3+
48. Kh1 Qc6 49. Nb2 c4 50. Rxe5 c3 51. Nd3 c2 52. Rh5+ Kg6 0-1

[Event "Ì11Â"]
[Site "Loo"]
[Date "2017.04.27"]
[Round "8.2"]
[White "Êîëåñîâ, Ãîðäåé."]
[Black "Øåêà, Íèêîëàé."]
[Result "0-1"]
[WhiteElo "1619"]
[BlackElo "1399"]
[PlyCount "126"]
[EventDate "2017.04.20"]

1. d4 d5 2. c4 e6 3. Nc3 c5 4. cxd5 exd5 5. Nf3 Nf6 6. g3 Nc6 7. Bg2 Be7 8. O-O
O-O 9. Bg5 cxd4 10. Nxd4 h6 11. Be3 Re8 12. Rc1 Ne5 13. Qb3 Nc4 14. Nxd5 Nxe3
15. fxe3 Rf8 16. e4 Nxd5 17. exd5 a5 18. e4 Bf6 19. Nf3 Bg4 20. Rfe1 Re8 21.
Rc2 Rc8 22. Rce2 Bxf3 23. Bxf3 Be5 24. Qxb7 Rb8 25. Qc6 Rxb2 26. Rxb2 Bxb2 27.
Rd1 Be5 28. Rb1 Re7 29. Rb7 Rxb7 30. Qxb7 Qd6 31. Qc8+ Kh7 32. Kg2 Bf6 33. Qc2
Kh8 34. Qc8+ Kh7 35. Qe8 Qc7 36. Qc6 Qe5 37. Qc2 g6 38. Qd2 Be7 39. Qxa5 Qb2+
40. Kh3 Qf2 41. Qc3 Qf1+ 42. Bg2 Qa6 43. Qc2 h5 44. Bf3 Qf1+ 45. Qg2 Qc1 46.
Qe2 f6 47. a4 Qa3 48. Qd1 Bd6 49. Kg2 Qa2+ 50. Be2 Qa3 51. Bb5 Bc5 52. Qd2 Qa1
53. a5 Qg1+ 54. Kh3 g5 55. Qc2 Kh6 56. Bd7 Qf1+ 57. Qg2 g4+ 58. Bxg4 hxg4+ 59.
Kxg4 Qxg2 60. h4 Qxe4+ 61. Kh3 Bd6 62. a6 Qf3 63. h5 Qxg3# 0-1